| 000 -LEADER |
| fixed length control field |
00755nam a22002057a 4500 |
| 005 - DATE AND TIME OF LATEST TRANSACTION |
| control field |
20240725102638.0 |
| 008 - FIXED-LENGTH DATA ELEMENTS--GENERAL INFORMATION |
| fixed length control field |
240725s1991 ge ||||| |||| 00| 0 ger d |
| 020 ## - INTERNATIONAL STANDARD BOOK NUMBER |
| International Standard Book Number |
9783423033428 |
| 041 ## - LANGUAGE CODE |
| Language code of text/sound track or separate title |
ger |
| 080 ## - UNIVERSAL DECIMAL CLASSIFICATION NUMBER |
| Universal Decimal Classification number |
821.112.2.09 B-78 |
| 100 ## - MAIN ENTRY--PERSONAL NAME |
| Personal name |
Borries, Erika |
| 9 (RLIN) |
22941 |
| 245 ## - TITLE STATEMENT |
| Title |
Deutsche Literaturgeschichte : |
| Remainder of title |
Band 2 Aufklärung und Empfindsamkeit, Sturm und Drang / |
| Statement of responsibility, etc. |
Erika Borries, Borries Ernst. |
| 264 ## - PRODUCTION, PUBLICATION, DISTRIBUTION, MANUFACTURE, AND COPYRIGHT NOTICE |
| Place of production, publication, distribution, manufacture |
München : |
| Name of producer, publisher, distributor, manufacturer |
Deutscher Taschenbuch Verlag, |
| Date of production, publication, distribution, manufacture, or copyright notice |
1991. |
| 300 ## - PHYSICAL DESCRIPTION |
| Extent |
333 p.: |
| Other physical details |
20cm. |
| 440 ## - SERIES STATEMENT/ADDED ENTRY--TITLE |
| Title |
Dtv. |
| 9 (RLIN) |
22942 |
| 653 ## - INDEX TERM--UNCONTROLLED |
| keyword |
Deutsche Literaturgeschichte |
| 653 ## - INDEX TERM--UNCONTROLLED |
| keyword |
გერმანული ლიტერატურის ისტორია |
| 700 ## - ADDED ENTRY--PERSONAL NAME |
| Personal name |
Borries, Ernst |
| 9 (RLIN) |
22943 |
| 942 ## - ADDED ENTRY ELEMENTS (KOHA) |
| Source of classification or shelving scheme |
|
| Koha item type |
წიგნი |